The Roman revolution
Αποθηκεύτηκε σε:
| Κύριος συγγραφέας: | |
|---|---|
| Μορφή: | Βιβλίο |
| Γλώσσα: | English |
| Δημοσίευση: |
Oxford :
Oxford University Press,
1988
|
| Θέματα: | |
| Ετικέτες: |
Προσθήκη ετικέτας
Δεν υπάρχουν, Καταχωρήστε ετικέτα πρώτοι!
|
MARC
| LEADER | 00000nam a2200000 i 4500 | ||
|---|---|---|---|
| 001 | 1/8554 | ||
| 008 | 970120s1988 eng d | ||
| 020 | |a 0-19-881001-6 | ||
| 035 | |l 10062715 | ||
| 040 | |a GR-MY-UA |b gre |e aacr | ||
| 041 | 0 | |a eng | |
| 082 | 0 | |a 937.06 | |
| 100 | 1 | |a Syme, Ronald |d 1903-1989. | |
| 245 | 1 | 4 | |a The Roman revolution / |c Ronald Syme |
| 260 | |a Oxford : |b Oxford University Press, |c 1988 | ||
| 300 | |a xi, 568 p.; |b geneal. tables; |c 20 cm. | ||
| 504 | |a Includes bibliographical references and index | ||
| 651 | 0 | |a Rome |x Politics and government. | |
| 651 | 0 | |a Rome |x History |y Empire, 30 B.C.-476 A.D. | |
| 852 | |a INST |b LESVOS |e 19970120 |h 937.06 SYM |p 005100012523 |q 005100012523 |t BK |y 0 | ||
| 852 | |a INST |b SAMOS |e 20000630 |h 937.06 SYM |p 005300019299 |q 005300019299 |t BK |y 0 | ||
| 909 | |a Λ |b 038008 | ||
| 909 | |a Σ |b 078818 | ||
| 922 | |a 1ΕΛΗ |b 199411 |c 129/ΑΝΑΣΤΑΣΙΑΔΗΣ | ||
| 922 | |a 3ΕΛΗ |b 200005 |c ΤΜΗΜΑ ΜΑΘΗΜΑΤΙΚΩΝ |d ΠΑΠΑΣΩΤΗΡΙΟΥ | ||
| 950 | |a 116-2000-01-19 | ||
| 950 | |a 129-1994-08-31 | ||
| 970 | |z 1999/07/22 |a ΚΑΜΑΤΣΟΥ |b ΔΕΣΠΟΙΝΑ | ||